00443 2200157 4500001002100000008004100021035002000062245005100082260004400133300001700177020001500194084001800209082001200227650003300239990001300272INLIS000000000000357 ind  a0010-0921000357 aSiapakah Muhammad SAW Itu?cMutawalli Sya'rawi aJakarta :bCendikia Sentra Muslimc2001 a210c20,5 cm a9799636884 a297.911 MUT s a297.911 aKepribadia Nabi Muhammad SAW aDI. 2514